000
00328 a2200157 4500
001
73087
020
_a
8576663538
040
_c
Anchieta - Colégio São Paulo
100
_a
Marqueti, Elza
240
1
0
_a
Geografia
_l
por
245
1
0
_a
Geografia
300
_a
136
362
0
_a
0
650
4
_a
Geografia e viagens
942
_c
BK
999
_c
73087
_d
73087